00710 a2200289 4500260001100000245002000011300001100031650001700042650001800059650003200077260001000109300001000119260000900129100000700138630011500145037001000260037001000270037001000280037001000290037001000300037001000310037001000320650003100330100001900361700002200380020001800402 bMasson aL'Espace urbain a381 p. aUrbanisation aEspace urbain aAménagement du territoire aParis b25 cm c1980 lFr a91 - Geographie. Exploration de la terre, des diverses regions, des divers pays. Voyages. Geographie regionale aL4808 aL4807 aL4811 aL4812 aL4806 aL4805 aL4813 a9 - GEOGRAPHIE ET HISTOIRE aBastié, Jean aDézert, Bernard a2-225-65835-8